Представление документа в формате RUSMARC

ПолеНазваниеЗначение
  Тип записи a
  Библиографический уровень a
001 Контрольный номер RU/CBS_UL/BASE/638283280
005 Дата корректировки 20240209175237.8
100 Данные общей обработки __
a Данные общей обработки 20200323d2020 ||| 0rusy0189 ca
101 Язык документа 0_
a Язык текста rus
102 Страна публикации __
a Страна публикации RU
105 Кодированные данные (монография) __
a Кодированные данные (монография) y###||||000|y
200 Заглавие и сведения об ответственности 1_
a Заглавие Волшебное путешествие
b Общее обозначение материала конспект
e Сведения, относящиеся к заглавию [конспект НОД по формированию элементарных мватематических представлений в старшей группе ]
f Первые сведения об ответственности Т.А. Захарова
300 Общие примечания __
a Общие примечания на русс.яз.
320 Библиография __
a Библиография Библиогр.: с.
333 Примечание о целевом назначении __
a Примечание о целевом назначении 12+
461 Уровень набора _0
1 2000
a Халах Шкуле
463 Уровень физической единицы _0
1 001RU/CBS_UL/BASE/638279348
1 2000
a № 1
v С. 80-81
1 210
d 2020
606 Тематические рубрики 0_
a Основная рубрика Чувашская литература - 21 в.
610 Ключевые слова 0_
a Ключевые слова конспект
610 Ключевые слова 0_
a Ключевые слова чувашская детская литература
686 Индексы других классификаций __
a Классификационный индекс 84(2Рос=Чув)6
2 Код системы rubbk
700 Автор _1
a Фамилия Захарова
b Имя (инициалы) Т.А.
801 Источник записи _0
a Страна RU
b Организация МБУК ЦБС г. Ульяновска
c Дата составления 20200323
g Правила каталогизации RCR
801 Источник записи _1
a Страна RU
b Организация МБУК ЦБС г. Ульяновска
c Дата составления 20200323
g Правила каталогизации RCR
901 Тип документа __
t Тип документа b
w Контрольный № источника RU/CBS_UL/BASE/638279348
910 Корректоры записи __
a Корректор записи Библиотека 17
938 Служебная информация __
a Имя БД period